00753nam a2200205 i 4500001000700000003000900007005001700016007000300033008004100036080002000077100003500097245009200132260007000224300002200294650002600316700003800342852002200380999001900402952012600421129501ES-MaACL20230906193520.0t|070625s1961 cu |||| | spa d a792(729.1)(091)1 aTolón, Edwin Teurbe.911047610aHistoria del teatro en La Habana / cpor Edwin Teurbe Tolon y Jorge Antonio González. aSanta Clara (Cuba) : bUniversidad Central de Las Villas, c1961. a171 p. ; c19 cm. 4aTeatro-zCuba.9173121 aGonzález, Jorge Antonio.958330 aES-MaACLjC-20598 c129501d129501 00104070aATENEOMbATENEOMcGaleríad2008-01-17eSCl0oC-20598p1134854r2023-02-23 00:00:00w2023-02-23yMONOGRAFIA